Актуальні проблеми боротьби зі злочинністю в умовах євроінтеграції (Запис № 423657)

МАРК-запис
000 -Лідер
fixed length control field 00958nam a22002417a 4500
003 - Ідентифікатор контрольного номера
control field UA-OsUOA
005 - Дата та час останнього входження (трансакції)
control field 20191002113204.0
008 - Елементи даних фіксованої довжини – загальна інформація
fixed length control field 190903b un ||||| |||| 00| 0 ukr d
020 ## - Міжнародний стандартний книжковий номер (ISBN)
Міжнародний стандартний книжковий номер (ISBN) (НП) 9789663082418
040 ## - Джерело каталогізації
Агенція оригінальної каталогізації UA-OsUOA
Мова каталогізації ukr
Агенція, яка здійснювала перезапис UA-OsUOA
Агенція, яка здійснювала модифікацію UA-OsUOA
041 ## - Код мови
Код мови тексту/ звукової доріжки чи окремого заголовка (П) ukr
080 ## - Індекс Універсальної десяткової класифікації
Індекс Універсальної десяткової класифікації (УДК) (НП) 343.211.3(082)
090 ## - Локальний шифр розміщення
Класифікаційний індекс УДК 343.211.3(082)
Авторський знак (НП) А43
245 ## - Відомості про назву
Назва (НП) Актуальні проблеми боротьби зі злочинністю в умовах євроінтеграції
Решта назви (НП) збірник наукових праць
Дані про відповідальність (НП) за заг .ред. С. Я Лихової
260 ## - Публікація, розповсюдження і т.п. (Вихідні дані)
Місце публікації, розповсюдження і т.п. (П) Київ
Дата публікації, розповсюдження і т.п. (П) 2018
300 ## - Фізичний опис
Обсяг 88 с.
365 ## - Торговельна ціна
Сума 20,00
650 ## - Додаткове предметне введення – тематичний термін
Тематичний термін чи географічна назва, як елемент введення (НП) 343.2 Загальна частина кримінального права
856 40 - Електронне місцезнаходження та доступ
Текст для зв’язку Клацніть тут для перегляду онлайн
942 ## - Додаткові елементи входу (Коха)
Source of classification or shelving scheme Universal Decimal Classification
Тип елемента Koha Книги
Фонди
Стан вилучень Стан втрат Джерело класифікації або схеми стелажів Стан уражень Не для кредиту Код колекції Постійне місце розташування Поточне розміщення Дата придбання Джерело придбання Вартість, звичайна ціна покупки Інвентарний номер Усього замовленно Повний номер виклику Штрих-код Дата останнього перегляду Вартість, ціна заміни Ціна ефективна від Тип елемента Koha
    Universal Decimal Classification     Колекція Колоса М.І. ЧЗ - Читальна зала ЧЗ - Читальна зала 03/09/2019 Акт надходження № 35 (фізичними особами) 20.00 161646   343.211.3(082) А43 161646 06/02/2022 20.00 03/09/2019 Книги